Bandeiras do Brasil - Statistics

Estatísticas Gerais
  • Esse quiz foi jogado 23 869 vezes
  • A pontuação média é 15 de 27
Estatísticas das Respostas
Imagem Resposta % Correto
Paraná
97%
Rio de Janeiro
91%
São Paulo
89%
Minas Gerais
88%
Pernambuco
76%
Bahia
69%
Rio Grande do Sul
69%
Paraíba
68%
Santa Catarina
66%
Espírito Santo
63%
Pará
62%
Distrito Federal
59%
Acre
54%
Amazonas
48%
Goiás
45%
Ceará
44%
Maranhão
43%
Mato Grosso
43%
Piauí
41%
Tocantins
41%
Alagoas
40%
Amapá
39%
Rondônia
39%
Rio Grande do Norte
38%
Sergipe
38%
Roraima
37%
Mato Grosso do Sul
36%
Nenhum quiz correspondente encontrado
Distribuição das Pontuações
Porcentagem de Pessoas com Cada Pontuação
Percentil de Números Respondidos
Sua Pontuação Histórica
Você não jogou esse quiz